000 01068cam a22003257a 4500
003 CHAP
005 20220817042329.0
008 971013s1966 r 00010 d
010 _a41090
011 _a42062
035 _a46189
040 _cCHAP
090 _aFolleto 969
100 0 0 _aMubyarto.
_979242
245 1 4 _aThe marketable surplus of rice in Indonesia
_b: a study in Java-Madura
260 _aAmes :
_bIowa State University. Department of Economics,
_c1966
300 _a39 p
490 0 _aInternational studies in economics. Monograph
_v; 4
590 _aBATCH-UPD
_b10
_c20130110
_lUCH01
_h2121
590 _aBATCH-UPD
_b10
_c20130410
_lUCH01
_h1431
590 _aBATCH-UPD
_b10
_c20130914
_lUCH01
_h2119
590 _aCONVERSION
_b10
_c20130109
_lUCH01
_h1323
650 1 4 _aArroz
_xAspectos económicos.
_97562
650 1 4 _aArroz
_xMercadeo.
_97632
700 0 _aFletcher, Lehman B.
_941268
830 0 _aInternational studies in economics Monograph
_v; 4
901 _aBK
942 _cFOLL
949 _aFolleto 969
_bBC
_cFOLL
_d-105274
_eTS1
_i46189
_si
999 _c41090
_d41090